[Event "Stay Safe Play From Home 329"]
[Site "Mustafa Kemal Atatürk"]
[Date "2020.07.24"]
[Round "6"]
[White "lamborghini"]
[Black "SelamiSahin"]
[Result "1-0"]
[WhiteElo "2176"]
[BlackElo "2129"]
[Annotator "TA"]
[PlyCount "115"]
[EventDate "2020.07.24"]
[EventType "swiss (blitz)"]

{[%evp 13,114,11,16,17,18,0,16,8,20,6,26,32,25,14,26,-20,21,19,25,20,28,13,16,-28,-24,-27,48,54,60,60,58,56,49,31,88,22,134,114,125,128,166,55,119,101,151,131,119,92,79,0,335,18,784,766,702,677,1539,1226,1538,0,0,0,0,0,8,-4132,29987,29988,29988,29987,29986,29987,29987,29988,29989,29990,29990,29991,29991,29992,29993,29994,29996,29994,29995,29996,29996,29996,29997,29997,29999,29999,29999,29998,29998,29998,29998,0,29998,0,29999,0,29999]} 1. e4 c6 2. d4 d5 3. Nc3 dxe4 4. Nxe4 Nf6 5. Nxf6+ exf6 6. Bc4 Bd6 7. Qe2+ Qe7 8. Qxe7+ {B15: Caro-Kann: 3 Nc3: 3...g6 and 3...dxe4 4 Nxe4 Nf6 5 Nxf6+ exf6.} Bxe7 9. Bf4 O-O 10. O-O-O {The position is equal.} Re8 11. Ne2 {[#]} Be6 $146 ({Predecessor:} 11... Nd7 12. Bd3 Nf8 13. Bg3 Ng6 14. c3 Be6 15. Kc2 h5 16. h4 f5 17. a4 c5 {½-½ (24) Akwei,L (2239)-Matozo,P (2285) ICCF email 2018}) 12. Bb3 Nd7 13. Rhe1 Nb6 14. Nc3 Bxb3 15. axb3 Bb4 16. Bd2 f5 17. Rxe8+ Rxe8 18. Re1 Rxe1+ 19. Bxe1 Bxc3 ({Better is} 19... g5 $11) 20. bxc3 $11 {[%mdl 4096] Endgame KB-KN} Kf8 21. c4 Ke7 22. Bb4+ Ke6 23. Kd2 f4 (23... Nd7 $14) 24. f3 (24. Kd3 $16) 24... h5 (24... Nd7 $11 {keeps the balance.}) 25. Bc5 Nc8 {[#]} 26. Kd3 $1 f5 27. c3 (27. h4 $18) 27... g5 ({Black should try} 27... h4 $1 $14) 28. h3 g4 29. Ba3 Kf6 30. Bc1 Kg5 31. d5 ({White should play} 31. fxg4 $16 hxg4 32. h4+ Kxh4 33. Bxf4) 31... c5 $2 {[%mdl 8192]} (31... gxh3 $11 {and Black has nothing to worry.} 32. gxh3 Kh4) 32. b4 $2 (32. Ba3 $18) 32... b6 $2 {[%mdl 8192]} (32... gxh3 $11 33. gxh3 Ne7 34. bxc5 Ng6) 33. bxc5 $18 bxc5 34. Ba3 Kh4 {And now ...Kg3 would win.} 35. Bxc5 Kg3 36. d6 $2 (36. hxg4 $18 fxg4 37. fxg4 Kxg4 38. Ke4) 36... Nxd6 $1 $11 37. Bxd6 Kxg2 38. hxg4 fxg4 39. fxg4 $2 {[%mdl 8192]} (39. Bxf4 $11 gxf3 40. Be3) 39... hxg4 $4 {[%mdl 8192]} (39... f3 $19 40. gxh5 f2) 40. Bxf4 {KB-KPP} Kf3 41. Bd6 g3 {[#]} 42. Bxg3 $1 {[%mdl 64] Promotion} Kxg3 {KPP-KP} 43. c5 Kf4 44. c6 Ke5 45. c7 Kd6 46. c8=Q a6 47. Qxa6+ Kc5 48. Qc4+ Kb6 49. Kd4 Ka5 50. Qb3 Ka6 51. Kc5 {[%csl Gc5][%cal Rb3b6]} Ka5 52. Kc6 {[%csl Gc6][%cal Rb3b5]} Ka6 53. Kc7 {[%csl Gc7][%cal Rb3b6]} Ka5 54. Kc8 Ka6 55. Kc7 {[%csl Gc7][%cal Rb3b6]} Ka5 56. Kc6 {[%csl Gc6][%cal Rb3b5]} Ka6 57. Kc5 {[%csl Gc5][%cal Rb3b6]} Ka5 $1 58. Qb5# {Accuracy: White = 61%, Black = 48%.} 1-0

[Event "Stay Safe Play From Home 329"]
[Site "Mustafa Kemal Atatürk"]
[Date "2020.07.24"]
[Round "6"]
[White "Lazieri3"]
[Black "Mepe_Nika"]
[Result "0-1"]
[WhiteElo "2042"]
[BlackElo "2422"]
[Annotator "TA"]
[PlyCount "82"]
[EventDate "2020.07.24"]
[EventType "swiss (blitz)"]

{[%evp 15,82,33,27,21,26,20,14,10,14,18,15,8,39,21,8,17,25,31,30,27,39,11,78,75,63,0,104,89,160,114,107,53,132,49,49,48,130,122,166,155,156,72,95,95,95,92,72,73,81,60,60,32,54,17,31,0,7,0,0,-14,-10,-33,-12,-33,-34,-33,0,-2075,-1876]} 1. e4 c6 2. Nc3 d5 3. d4 dxe4 4. Nxe4 Bf5 5. Ng3 Bg6 6. Nf3 Nd7 7. Bd3 e6 8. Bxg6 hxg6 9. h3 {B18: Classical Caro-Kann: 4...Bf5 sidelines.} Ngf6 10. c3 Bd6 11. Qe2 {The position is equal.} Qc7 12. Ne4 Nxe4 13. Qxe4 O-O-O {[#]} 14. Be3 $146 ({Predecessor:} 14. Ng5 Nf6 15. Qe2 e5 16. dxe5 Bxe5 17. O-O Bh2+ 18. Kh1 Bd6 19. c4 Rde8 20. Qf3 {½-½ (30) Alho,O-Valasmo,J (1889) Finland 2017}) 14... Nf6 15. Qc2 Bf4 16. O-O-O Bxe3+ 17. fxe3 Qg3 18. Rde1 Nd5 (18... Nd7 $11) 19. Ne5 $16 Rdf8 20. e4 ({White should play} 20. Kb1 $14) 20... Nf6 (20... Nf4 $1 $11 {keeps the balance.}) 21. Rhf1 Qh4 (21... Nd7 $142) 22. Nf3 Qh6+ 23. Qd2 (23. Kb1 $16) 23... Nd7 {[#]} (23... Qxd2+ $1 $14 24. Kxd2 Kd8) 24. Qxh6 (24. Ng5 $1 $16) 24... gxh6 $14 25. e5 Nb6 (25... Kd8 $14) 26. Nd2 $16 Nd5 27. Ne4 Kc7 28. Nf6 (28. Re2 $142) 28... Nxf6 29. Rxf6 {[%mdl 4096] Endgame KRR-KRR} Kd7 30. Ref1 Ke7 31. Kd2 Rh7 32. Ke3 h5 33. Ke4 h4 34. R1f4 Rh5 35. Rf3 (35. Kf3 {is interesting.} c5 36. Kg4 cxd4 37. cxd4 Rh7 38. Rf3) 35... Rf5 36. R6xf5 (36. c4 {seems wilder.} Rb8 37. a4 a6 38. d5 exd5+ 39. cxd5 cxd5+ 40. Kxd5 Rd8+ 41. Ke4) 36... exf5+ $11 {KR-KR} 37. Ke3 Ke6 38. Rf4 Rh8 39. Rf3 g5 40. Kd3 g4 41. c4 $2 {[%mdl 8192] [#]} (41. Rf4 $11) 41... gxf3 {What a bad dream for White. Accuracy: White = 64%, Black = 63%.} 0-1

[Event "Stay Safe Play From Home 329"]
[Site "Mustafa Kemal Atatürk"]
[Date "2020.07.24"]
[Round "6"]
[White "Schachwerk_64"]
[Black "Stefanone"]
[Result "0-1"]
[WhiteElo "1875"]
[BlackElo "2031"]
[Annotator "NA"]
[PlyCount "96"]
[EventDate "2020.07.24"]
[EventType "swiss (blitz)"]

1. e4 {[%emt 0:00:01]} d6 {[%emt 0:00:00]} 2. d3 {[%emt 0:00:00]} g6 {[%emt 0:00:00]} 3. Nd2 {[%emt 0:00:00]} Bg7 {[%emt 0:00:00]} 4. Ngf3 {[%emt 0:00:00]} Nc6 {[%emt 0:00:00]} 5. g3 {[%emt 0:00:00]} e5 {[%emt 0:00:00]} 6. Bg2 {[%emt 0:00:00]} Nge7 {[%emt 0:00:00]} 7. O-O {[%emt 0:00:01]} O-O {[%emt 0:00:00]} 8. Re1 {[%emt 0:00:00]} f5 {[%emt 0:00:00]} 9. Nf1 {[%emt 0:00:01]} f4 {[%emt 0:00:00]} 10. g4 {[%emt 0:00:01]} Bxg4 {[%emt 0:00:02]} 11. Qd2 {[%emt 0:00:01]} Qd7 {[%emt 0:00:01]} 12. Qc3 {[%emt 0:00:01]} Bxf3 {[%emt 0:00:01]} 13. Bxf3 {[%emt 0:00:01]} Nd4 {[%emt 0:00:00]} 14. Bg2 {[%emt 0:00:01]} f3 {[%emt 0:00:00]} 15. Bh1 {[%emt 0:00:02]} Qg4+ {[%emt 0:00:01]} 16. Ng3 {[%emt 0:00:01]} h5 {[%emt 0:00:01]} 17. Be3 {[%emt 0:00:02]} h4 {[%emt 0:00:01]} 18. Bxd4 {[%emt 0:00:01]} exd4 {[%emt 0:00:01]} 19. Qb3+ {[%emt 0:00:00]} Kh7 {[%emt 0:00:01]} 20. h3 {[%emt 0:00:02]} Qg5 {[%emt 0:00:02]} 21. Qxb7 {[%emt 0:00:04]} hxg3 {[%emt 0:00:02]} 22. fxg3 {[%emt 0:00:01]} Qxg3+ {[%emt 0:00:01]} 23. Kf1 {[%emt 0:00:00]} f2 {[%emt 0:00:02] Stefanone reconnected.} 24. Rec1 {[%emt 0:00:17]} Qg1+ {[%emt 0:00:01]} 25. Ke2 {[%emt 0:00:01]} f1=Q+ {[%emt 0:00:02]} 26. Rxf1 {[%emt 0:00:01]} Rxf1 {[%emt 0:00:02]} 27. Rxf1 {[%emt 0:00:01]} Qh2+ {[%emt 0:00:01]} 28. Kd1 {[%emt 0:00:02]} Qxh3 {[%emt 0:00:01]} 29. Rg1 {[%emt 0:00:02]} Qe3 {[%emt 0:00:02]} 30. Re1 {[%emt 0:00:05]} Rf8 {[%emt 0:00:04]} 31. Rxe3 {[%emt 0:00:02]} dxe3 {[%emt 0:00:00]} 32. Ke2 {[%emt 0:00:01]} Rf7 {[%emt 0:00:00]} 33. Kxe3 {[%emt 0:00:01]} Ng8 {[%emt 0:00:01]} 34. Qc6 {[%emt 0:00:01]} Nh6 {[%emt 0:00:01]} 35. Qd5 {[%emt 0:00:00]} Ng4+ {[%emt 0:00:01]} 36. Ke2 {[%emt 0:00:01]} Nf6 {[%emt 0:00:00]} 37. Qxf7 {[%emt 0:00:01]} Kh6 {[%emt 0:00:02]} 38. e5 {[%emt 0:00:00]} dxe5 {[%emt 0:00:01]} 39. Qe6 {[%emt 0:00:01]} g5 {[%emt 0:00:02]} 40. Qh3+ {[%emt 0:00:00]} Kg6 {[%emt 0:00:01]} 41. Be4+ {[%emt 0:00:00]} Kf7 {[%emt 0:00:00]} 42. Bf5 {[%emt 0:00:01]} g4 {[%emt 0:00:00]} 43. Be6+ {[%emt 0:00:00]} Kxe6 {[%emt 0:00:01]} 44. Qg3 {[%emt 0:00:01]} e4 {[%emt 0:00:01]} 45. Qe3 {[%emt 0:00:00]} g3 {[%emt 0:00:01]} 46. dxe4 {[%emt 0:00:00]} g2 {[%emt 0:00:00]} 47. Qg1 {[%emt 0:00:01]} Nxe4 {[%emt 0:00:01]} 48. Qxg2 {[%emt 0:00:00]} Nf6 {[%emt 0:00:00] .} 0-1

[Event "Stay Safe Play From Home 329"]
[Site "Mustafa Kemal Atatürk"]
[Date "2020.07.24"]
[Round "6"]
[White "NeatFox"]
[Black "W Nelles"]
[Result "1-0"]
[WhiteElo "1836"]
[BlackElo "1241"]
[Annotator "NA"]
[PlyCount "41"]
[EventDate "2020.07.24"]
[EventType "swiss (blitz)"]

1. g4 {[%emt 0:00:02]} d5 {[%emt 0:00:01]} 2. Bg2 {[%emt 0:00:00]} Bxg4 {[%emt 0:00:01]} 3. c4 {[%emt 0:00:00]} dxc4 {[%emt 0:00:02]} 4. Bxb7 {[%emt 0:00:00]} c6 {[%emt 0:00:01]} 5. Bxa8 {[%emt 0:00:00]} Na6 {[%emt 0:00:02]} 6. Qa4 {[%emt 0:00:01]} Qxa8 {[%emt 0:00:03]} 7. Qxa6 {[%emt 0:00:00]} c5 {[%emt 0:00:02]} 8. f3 {[%emt 0:00:00]} Bc8 {[%emt 0:00:03]} 9. Qxc4 {[%emt 0:00:02]} Nf6 {[%emt 0:00:04]} 10. Nc3 {[%emt 0:00:01]} e6 {[%emt 0:00:02]} 11. Nb5 {[%emt 0:00:01]} Qb7 {[%emt 0:00:05]} 12. d4 {[%emt 0:00:04]} Be7 {[%emt 0:00:02]} 13. dxc5 {[%emt 0:00:02]} O-O {[%emt 0:00:02]} 14. Nd6 {[%emt 0:00:02]} Bxd6 {[%emt 0:00:02]} 15. cxd6 {[%emt 0:00:00]} Bd7 {[%emt 0:00:02]} 16. Bg5 {[%emt 0:00:02]} Bb5 {[%emt 0:00:02]} 17. Qh4 {[%emt 0:00:02]} Nd5 {[%emt 0:00:03]} 18. Nh3 {[%emt 0:00:02]} Nf6 {[%emt 0:00:04]} 19. Bxf6 {[%emt 0:00:01]} gxf6 {[%emt 0:00:02]} 20. Qxf6 {[%emt 0:00:00]} Qd5 {[%emt 0:00:04]} 21. Rg1+ {[%emt 0:00:01] Zeit (Lag: Av=0.60s, max=1.1s)} 1-0

[Event "Stay Safe Play From Home 329"]
[Site "Mustafa Kemal Atatürk"]
[Date "2020.07.24"]
[Round "6"]
[White "Padmaesh M K"]
[Black "Meini"]
[Result "1-0"]
[WhiteElo "1738"]
[BlackElo "1515"]
[Annotator "NA"]
[PlyCount "71"]
[EventDate "2020.07.24"]
[EventType "swiss (blitz)"]

1. Nf3 {[%emt 0:00:01]} Nf6 {[%emt 0:00:02]} 2. g3 {[%emt 0:00:00]} g6 {[%emt 0:00:01]} 3. Bg2 {[%emt 0:00:00]} Bg7 {[%emt 0:00:02]} 4. Kf1 {[%emt 0:00:00]} O-O {[%emt 0:00:01]} 5. b3 {[%emt 0:00:00]} c6 {[%emt 0:00:01]} 6. Bb2 {[%emt 0:00:00]} d5 {[%emt 0:00:01]} 7. Kg1 {[%emt 0:00:02]} Nbd7 {[%emt 0:00:01]} 8. h3 {[%emt 0:00:01]} e6 {[%emt 0:00:01]} 9. Kh2 {[%emt 0:00:00]} b6 {[%emt 0:00:01]} 10. Re1 {[%emt 0:00:01]} Bb7 {[%emt 0:00:00]} 11. Kg1 {[%emt 0:00:01]} Qc7 {[%emt 0:00:00]} 12. d4 {[%emt 0:00:02]} c5 {[%emt 0:00:00]} 13. Nbd2 {[%emt 0:00:02]} cxd4 {[%emt 0:00:01]} 14. Nxd4 {[%emt 0:00:00]} Nc5 {[%emt 0:00:01]} 15. c4 {[%emt 0:00:02]} dxc4 {[%emt 0:00:02]} 16. Bxb7 {[%emt 0:00:02]} Rad8 {[%emt 0:00:00]} 17. Bg2 {[%emt 0:00:03]} e5 {[%emt 0:00:02]} 18. Nc2 {[%emt 0:00:02]} cxb3 {[%emt 0:00:01]} 19. axb3 {[%emt 0:00:01]} a5 {[%emt 0:00:02]} 20. b4 {[%emt 0:00:01]} axb4 {[%emt 0:00:02]} 21. Nxb4 {[%emt 0:00:00]} Nb3 {[%emt 0:00:02]} 22. Qxb3 {[%emt 0:00:02]} Rxd2 {[%emt 0:00:03]} 23. Qc3 {[%emt 0:00:00]} Rfd8 {[%emt 0:00:03]} 24. Qxc7 {[%emt 0:00:01]} Nd5 {[%emt 0:00:01]} 25. Nxd5 {[%emt 0:00:02]} Rxb2 {[%emt 0:00:04]} 26. Qxd8+ {[%emt 0:00:03]} Bf8 {[%emt 0:00:02]} 27. Nf6+ {[%emt 0:00:06]} Kg7 {[%emt 0:00:01]} 28. Ng4 {[%emt 0:00:01]} h5 {[%emt 0:00:02]} 29. Qf6+ {[%emt 0:00:02]} Kg8 {[%emt 0:00:01]} 30. Nxe5 {[%emt 0:00:02]} Bg7 {[%emt 0:00:02]} 31. Qxf7+ {[%emt 0:00:01]} Kh7 {[%emt 0:00:00]} 32. Qxg6+ {[%emt 0:00:02]} Kg8 {[%emt 0:00:01]} 33. Qe8+ {[%emt 0:00:01]} Kh7 {[%emt 0:00:01]} 34. Qxh5+ {[%emt 0:00:01]} Kg8 {[%emt 0:00:02]} 35. Bd5+ {[%emt 0:00:00]} Kf8 {[%emt 0:00:01]} 36. Qf7# {[%emt 0:00:00] (Lag: Av=0.45s, max=0.8s)} 1-0

[Event "Stay Safe Play From Home 329"]
[Site "Mustafa Kemal Atatürk"]
[Date "2020.07.24"]
[Round "6"]
[White "Trotsky"]
[Black "Edmatuag"]
[Result "0-1"]
[WhiteElo "1624"]
[BlackElo "1613"]
[Annotator "NA"]
[PlyCount "70"]
[EventDate "2020.07.24"]
[EventType "swiss (blitz)"]

1. d4 {[%emt 0:00:01]} d6 {[%emt 0:00:00]} 2. e3 {[%emt 0:00:01]} c6 {[%emt 0:00:00]} 3. c4 {[%emt 0:00:01]} e5 {[%emt 0:00:00]} 4. Nc3 {[%emt 0:00:01]} Nd7 {[%emt 0:00:02]} 5. Nf3 {[%emt 0:00:03]} f5 {[%emt 0:00:01]} 6. Qc2 {[%emt 0:00:02]} g6 {[%emt 0:00:02]} 7. Bd3 {[%emt 0:00:02]} Bg7 {[%emt 0:00:01]} 8. Bd2 {[%emt 0:00:01]} Ne7 {[%emt 0:00:01]} 9. O-O-O {[%emt 0:00:02]} a6 {[%emt 0:00:01]} 10. h4 {[%emt 0:00:01]} b5 {[%emt 0:00:01]} 11. g4 {[%emt 0:00:01]} b4 {[%emt 0:00:01]} 12. Ne2 {[%emt 0:00:03]} e4 {[%emt 0:00:01]} 13. Bxe4 {[%emt 0:00:02]} fxe4 {[%emt 0:00:00]} 14. Qxe4 {[%emt 0:00:01]} Nf6 {[%emt 0:00:01]} 15. Qd3 {[%emt 0:00:01]} Nxg4 {[%emt 0:00:01]} 16. Rdf1 {[%emt 0:00:02]} Nf5 {[%emt 0:00:02]} 17. Ng5 {[%emt 0:00:01]} h6 {[%emt 0:00:03]} 18. e4 {[%emt 0:00:02]} hxg5 {[%emt 0:00:02]} 19. hxg5 {[%emt 0:00:01]} Rxh1 {[%emt 0:00:03]} 20. Rxh1 {[%emt 0:00:01]} Nxf2 {[%emt 0:00:01]} 21. Qf3 {[%emt 0:00:06]} Nxh1 {[%emt 0:00:01]} 22. Qxh1 {[%emt 0:00:01]} Nxd4 {[%emt 0:00:02]} 23. Nf4 {[%emt 0:00:01]} Ne6 {[%emt 0:00:01]} 24. Nxg6 {[%emt 0:00:01]} Kd7 {[%emt 0:00:01]} 25. e5 {[%emt 0:00:03]} dxe5 {[%emt 0:00:03]} 26. Nxe5+ {[%emt 0:00:02]} Bxe5 {[%emt 0:00:02]} 27. Qh7+ {[%emt 0:00:03]} Qe7 {[%emt 0:00:01]} 28. Qf5 {[%emt 0:00:02]} Bd6 {[%emt 0:00:02]} 29. g6 {[%emt 0:00:01]} Bb7 {[%emt 0:00:01]} 30. Bf4 {[%emt 0:00:02]} Rf8 {[%emt 0:00:02]} 31. Qg4 {[%emt 0:00:02]} Rxf4 {[%emt 0:00:01]} 32. Qd1 {[%emt 0:00:02]} Nd4 {[%emt 0:00:01]} 33. Kb1 {[%emt 0:00:01]} Qe4+ {[%emt 0:00:01]} 34. Ka1 {[%emt 0:00:03]} Nc2+ {[%emt 0:00:00]} 35. Kb1 {[%emt 0:00:02]} Na3+ {[%emt 0:00:01] ' Âðåìÿ (Lag: Av=0.47s, max=1.0s)} 0-1

[Event "Stay Safe Play From Home 329"]
[Site "Mustafa Kemal Atatürk"]
[Date "2020.07.24"]
[Round "6"]
[White "Mamba2001de"]
[Black "Mandy"]
[Result "1-0"]
[WhiteElo "1484"]
[BlackElo "886"]
[Annotator "NA"]
[PlyCount "41"]
[EventDate "2020.07.24"]
[EventType "swiss (blitz)"]

1. d4 {[%emt 0:00:01]} d5 {[%emt 0:00:02]} 2. c4 {[%emt 0:00:01]} c6 {[%emt 0:00:00]} 3. Nc3 {[%emt 0:00:01]} Bf5 {[%emt 0:00:01]} 4. Nf3 {[%emt 0:00:01]} Nf6 {[%emt 0:00:01]} 5. e3 {[%emt 0:00:01]} g6 {[%emt 0:00:01]} 6. h3 {[%emt 0:00:01]} Bg7 {[%emt 0:00:00]} 7. g4 {[%emt 0:00:01]} Be4 {[%emt 0:00:04]} 8. Nxe4 {[%emt 0:00:02]} Nxe4 {[%emt 0:00:02]} 9. Nd2 {[%emt 0:00:02]} e6 {[%emt 0:00:04]} 10. Nxe4 {[%emt 0:00:01]} dxe4 {[%emt 0:00:02]} 11. Bg2 {[%emt 0:00:01]} O-O {[%emt 0:00:12]} 12. Bxe4 {[%emt 0:00:02]} f5 {[%emt 0:00:04]} 13. gxf5 {[%emt 0:00:02]} exf5 {[%emt 0:00:04]} 14. Bg2 {[%emt 0:00:01]} Re8 {[%emt 0:00:05]} 15. O-O {[%emt 0:00:02]} Nd7 {[%emt 0:00:00]} 16. Qf3 {[%emt 0:00:03]} Qf6 {[%emt 0:00:03]} 17. d5 {[%emt 0:00:02]} Ne5 {[%emt 0:00:07]} 18. Qf4 {[%emt 0:00:04]} Nd3 {[%emt 0:00:02]} 19. Qc7 {[%emt 0:00:12]} Nxc1 {[%emt 0:00:01]} 20. Raxc1 {[%emt 0:00:02]} Rac8 {[%emt 0:00:03]} 21. Qxb7 {[%emt 0:00:02] Zeit (Lag: Av=0.49s, max=1.1s)} 1-0

[Event "Stay Safe Play From Home 329"]
[Site "Mustafa Kemal Atatürk"]
[Date "2020.07.24"]
[Round "6"]
[White "New ton"]
[Black "Klasman"]
[Result "1-0"]
[WhiteElo "1395"]
[BlackElo "1318"]
[Annotator "NA"]
[PlyCount "39"]
[EventDate "2020.07.24"]
[EventType "swiss (blitz)"]

1. e4 {[%emt 0:00:01]} f5 {[%emt 0:00:04]} 2. exf5 {[%emt 0:00:02]} Nf6 {[%emt 0:00:04]} 3. Nf3 {[%emt 0:00:01]} d5 {[%emt 0:00:01]} 4. Bb5+ {[%emt 0:00:01]} c6 {[%emt 0:00:04]} 5. Ba4 {[%emt 0:00:02]} Bxf5 {[%emt 0:00:02]} 6. Nc3 {[%emt 0:00:02]} a5 {[%emt 0:00:02]} 7. Bb3 {[%emt 0:00:02]} b5 {[%emt 0:00:03]} 8. d4 {[%emt 0:00:01]} a4 {[%emt 0:00:01]} 9. Bxd5 {[%emt 0:00:02]} Nxd5 {[%emt 0:00:03]} 10. Nxd5 {[%emt 0:00:02]} Qxd5 {[%emt 0:00:03]} 11. Ne5 {[%emt 0:00:02]} Nd7 {[%emt 0:00:09]} 12. Qf3 {[%emt 0:00:02]} Nxe5 {[%emt 0:00:12]} 13. Qxd5 {[%emt 0:00:03]} cxd5 {[%emt 0:00:03]} 14. Bf4 {[%emt 0:00:01]} Nc4 {[%emt 0:00:02]} 15. O-O {[%emt 0:00:02]} Bxc2 {[%emt 0:00:03]} 16. Rac1 {[%emt 0:00:02]} Bd3 {[%emt 0:00:01]} 17. Rfe1 {[%emt 0:00:03]} Nxb2 {[%emt 0:00:02]} 18. Rc5 {[%emt 0:00:03]} Bc4 {[%emt 0:00:02]} 19. Rb1 {[%emt 0:00:04]} Nd3 {[%emt 0:00:02] '} 20. Rc1 {[%emt 0:00:01] Time} 1-0

[Event "Stay Safe Play From Home 329"]
[Site "Mustafa Kemal Atatürk"]
[Date "2020.07.24"]
[Round "7"]
[White "Mepe_Nika"]
[Black "lamborghini"]
[Result "0-1"]
[WhiteElo "2425"]
[BlackElo "2191"]
[Annotator "TA"]
[PlyCount "112"]
[EventDate "2020.07.24"]
[EventType "swiss (blitz)"]

{[%evp 14,111,0,0,0,0,74,53,65,-2,0,-10,-6,-10,-3,-47,-16,-70,-10,-42,-23,-42,24,0,20,0,0,-7,52,0,0,0,0,-8,4,-20,-7,-6,0,-58,-62,-112,-96,-494,-482,-463,-426,-462,-276,-254,-177,-210,-189,-476,-462,-457,-456,-414,0,-182,0,-369,-288,-517,-495,-481,0,-469,0,-509,-490,-410,8,8,8,8,8,8,8,8,8,-29991,-29992,-29992,-29993,-29993,-29994,-29994,-29995,-29995,-29996,-29999,-29998,-29998,-29999,-29999,-29999,-29999,0,-29999]} 1. e4 g6 2. d4 Bg7 3. Nf3 c5 4. c3 cxd4 5. cxd4 d5 6. e5 Nc6 7. Nc3 Bg4 8. Bb5 Rc8 {B27: Sicilian: 2 Nf3, unusual Black 2nd moves.} 9. O-O {[#]} Bxf3 $146 (9... Nh6 $11 {remains equal.}) ({Predecessor:} 9... h5 10. h3 Bxf3 11. Qxf3 e6 12. Be3 Nh6 13. Bd3 O-O 14. Nb5 Nf5 15. Bxf5 exf5 {1-0 (44) Handke,F (2228)-Wanner,L (2082) Playchess.com INT 2020}) 10. Qxf3 $16 (10. gxf3 Nh6 $15) 10... e6 {White is slightly better.} 11. Qg3 (11. Bxc6+ $1 $14 bxc6 12. Na4) 11... Nge7 $11 12. Bg5 h6 13. Bxc6+ (13. Bd2 {with more complications.} O-O 14. Ne2 Qb6 15. Qd3 a6 16. Ba4) 13... Rxc6 14. Be3 O-O 15. Qh3 (15. Qf3 $11) 15... h5 (15... Qb6 $15 16. Na4 Qb4) 16. Qf3 a6 17. Rac1 b5 (17... Nf5 $15) 18. h3 Qc7 19. Ne2 Rc8 20. Rxc6 Qxc6 (20... Nxc6 $11 21. Bd2 Na7) 21. Rc1 ({Better is} 21. Bg5 $1 $14 Qb7 22. Qd3) 21... Qb7 22. Bg5 Rxc1+ 23. Nxc1 Nf5 24. Be3 h4 25. Qd1 Qc6 26. Nd3 (26. Ne2 $11) 26... Qc4 $15 27. b3 Qc3 28. Nc5 $2 {[%mdl 8192]} (28. Qd2 $17 {is tougher.} Nxd4 29. Kf1 Qxd2 30. Bxd2) 28... Nxe3 $19 29. fxe3 Qxe3+ 30. Kh1 {[#]} Bf8 (30... Bxe5 $142 $1 {[%mdl 512]} 31. Nxe6 (31. dxe5 Qxc5) 31... fxe6 32. dxe5 d4) 31. Nxa6 Bh6 32. Nc7 Bf4 33. Nxb5 $2 (33. Ne8 {is the only way for White.}) 33... Qg3 {[%csl Gf4][%cal Rg3h2]} 34. Kg1 Be3+ ({Weaker is} 34... Qh2+ 35. Kf2 $17) 35. Kh1 {intending a4.} Bf4 (35... g5 $142 {...Kf8 is the strong threat.} 36. Na3 Bf4) 36. Kg1 $1 Qe3+ $2 (36... Qh2+ 37. Kf2 $17) (36... g5 37. Qe2 Qh2+ 38. Kf2 (38. Kf1 $2 Qh1+ 39. Kf2 Qc1 $17) 38... Kf8) 37. Kh1 g5 38. Nd6 $2 (38. Na3 {might work better.}) 38... Qg3 {[%csl Gf4][%cal Rg3h2]} 39. Kg1 Qe3+ 40. Kh1 Qg3 {[%csl Gf4][%cal Rg3h2]} 41. Kg1 $1 ({Much weaker is} 41. Qg1 Qd3 $17) 41... Be3+ 42. Kh1 {If White can now play Ne8 this consolidates a bit.} g4 $2 ({Black should try} 42... Kf8 $19 {Strongly threatening ...g4!} 43. Qf1 {[#]} Bf4 $1 {[%mdl 512]}) 43. Qxg4+ $11 Qxg4 44. hxg4 Bxd4 {[%mdl 4096] Endgame KB-KN} 45. a4 Bxe5 46. Nb5 {And now Kg1 would win.} d4 {aiming for ...d3.} 47. a5 $2 {[%mdl 8192]} (47. Kg1 $11) 47... d3 48. a6 d2 {[%cal Rd2d1]} 49. Nc3 Bxc3 {KB-KP} 50. a7 d1=Q+ {[%mdl 64] Double Attack} 51. Kh2 Be5+ 52. Kh3 Qd3+ 53. Kxh4 Qh7+ 54. Kg5 Qg6+ 55. Kh4 Qh7+ 56. Kg5 f6# {Accuracy: White = 53%, Black = 68%.} 0-1